|
|
|
|
| LEADER |
00000ny a22000003n 4500 |
| 003 |
CaPaEBR |
| 005 |
20110623134557.0 |
| 006 |
m u |
| 007 |
cr cn||||||||| |
| 008 |
200805r20072008sp |||||s|||||||||||spa d |
| 020 |
|
|
|a 9788476987995
|
| 035 |
|
|
|a 1984
|
| 040 |
|
|
|a FlNmELB
|c FlNmELB
|d vlex
|
| 050 |
1 |
4 |
|a K5064
|b A696 2007eb
|
| 080 |
|
|
|a 343.9
|
| 090 |
|
|
|c 1207
|d 1207
|
| 100 |
1 |
|
|a Arias Eibe, Manuel J.
|
| 245 |
1 |
0 |
|a Responsabilidad criminal
|h [Recurso electrn̤ico]
|b circunstancias modificativas y su fundamento en el Cd̤igo Penal. Una visin̤ desde la doctrina y la jurisprudencia del Tribunal Supremo /
|c Manuel J. Arias Eibe
|
| 256 |
|
|
|a Servicio en ln̕ea
|
| 260 |
|
|
|a Barcelona :
|b BOSCH EDITOR,
|c 2007
|
| 300 |
|
|
|a 9-300 p
|
| 506 |
1 |
|
|a Contenido solo disponible en los productos indicados
|d vLex Global
|d vLex Global (Academic Edition, excluding Law Schools)
|d vLex Global (U.S. Academic Edition, Law Schools)
|d vLex Global (U.S. Academic Edition, excluding Law Schools)
|d vLex Global (Academic Edition, Law Schools)
|
| 650 |
0 |
7 |
|2 Tesauro vLex
|a Penal
|
| 650 |
0 |
7 |
|2 Tesauro vLex
|a Cd̤igo penal
|
| 650 |
0 |
7 |
|2 Tesauro vLex
|a Responsabilidad penal
|
| 650 |
0 |
7 |
|2 Tesauro vLex
|a Circunstancias que modifican la responsabilidad
|
| 740 |
0 |
|
|a vLex Libros (Servicios en ln̕ea)
|
| 856 |
4 |
0 |
|z Acceso restringido
|u http://vlex.com/source/1984
|
| 942 |
|
|
|c BOOK
|